Cuentecillos y otras alteraciones /
Jorge Timossi (1936), periodista y escritor. Nació en Buenos Aires, es ciudadano cubano. Es miembro fundador de la agencia de noticias Prensa Latina, de la que ha sido corresponsal y enviado especial en numerosos países. Ha colaborado en diversos órganos de prensa cubanos, la Revista Casa de las Amé...
Guardado en:
| Autor principal: | |
|---|---|
| Otros autores: | |
| Formato: | Libro |
| Idioma: | Español |
| Publicado: |
México :
Océano,
2002, c2002
|
| Colección: | (El Día Siguiente)
|
| Temas: | |
| Etiquetas: |
Sin etiquetas, Sé el primero en etiquetar este registro!
|
MARC
| LEADER | 00000nam^a2200000^a^4500 | ||
|---|---|---|---|
| 001 | 000152730 | ||
| 005 | 20250521000000.0 | ||
| 009 | 20260310100255.349 | ||
| 020 | |a 970-651-652-2 | ||
| 037 | |a Acervo ITESO - Biblioteca | ||
| 041 | |a ESP | ||
| 082 | |a 863. |b TIM | ||
| 100 | |a Timossi, Jorge |e (autor) | ||
| 245 | 1 | 0 | |a Cuentecillos y otras alteraciones / |c J. Timossi ; il. de Quino. |
| 264 | 4 | |a México : |b Océano, |c 2002, c2002 | |
| 300 | |a 168 p. | ||
| 336 | |a texto |b txt |2 rdacontenido | ||
| 337 | |a sin mediación |b n |2 rdamedio | ||
| 338 | |a volumen |b nc |2 rdasoporte | ||
| 440 | 4 | |a (El Día Siguiente) | |
| 520 | |a Jorge Timossi (1936), periodista y escritor. Nació en Buenos Aires, es ciudadano cubano. Es miembro fundador de la agencia de noticias Prensa Latina, de la que ha sido corresponsal y enviado especial en numerosos países. Ha colaborado en diversos órganos de prensa cubanos, la Revista Casa de las Américas y en varios suplementos literarios latinoamericanos. Recibió el Premio Internacional de la Organización Internacional de Periodistas en 1979 y el Premio Nacional de Periodismo José Martí en 1999, entre otros. Algunas de sus obras: en poesía Poemas de un corresponsal (1981), mención en el Premio Literario Casa de las Américas; Palmeras (1982) y Las cosas como son (1991); en novela Un perfume para Lam (1988); cuentos Cuentecillos y otras alteraciones (1995); Juego de Apariencias; Los consejos del abuelo conejo (1997); crónicas Juan Pablo II en Cuba (1998), en colaboración con Jorge Luna; Crónicas casi reales (1995) y De buena fuente (1998); los ensayos El desafío cubano (1968); Irán no alineado (1979) y Palabras sin fronteras (2001). Este volumen contiene narraciones cortas entrecruzadas con numerosas viñetas de Quino particularmente el personaje Felipe de las historietas de Mafalda. | ||
| 649 | |a XX | ||
| 650 | |a Cuentos Argentinos | ||
| 650 | |a Literatura Argentina - |y Siglo XX | ||
| 650 | |a Historietas y Caricaturas Argentinas | ||
| 650 | |a Historietas y Caricaturas de Temas Políticos y Sociales | ||
| 650 | |a Medios Impresos | ||
| 650 | |a Medios de Comunicación | ||
| 650 | |a Comunicación Personal - |x Aspectos Sociales y Culturales | ||
| 650 | |a Comunicación Visual | ||
| 650 | |a Literatura | ||
| 700 | |a Quino |e (ilustración) | ||
| 910 | |a Fondo General | ||
| 920 | |a Impresos - Libros | ||
| 930 | |a Colección General | ||
| 940 | |a Literatura | ||
| 905 | |a 101 | ||
| 901 | |a 0500081540 |b IT1 |c LIT |u 20250521 | ||
| 902 | |a https://opac.biblio.iteso.mx/vufind/Record/000152730 | ||